Alguien que te quiera con todas tus heridas /

Gardado en:
Detalles Bibliográficos
Autor Principal: Bob-Waksberg, Raphael (autor)
Formato: Libro
Idioma:Lingua castelá
Publicado: Barcelona, España : Círculo de Tiza, 2021, c201
Temas:
Acceso en liña:Ver documento en línea
Etiquetas: Engadir etiqueta
Sen Etiquetas, Sexa o primeiro en etiquetar este rexistro!

MARC

LEADER 00000nam^a2200000^a^4500
001 000454602
005 20251023000000.0
009 20260310123932.847
020 |a 978-84-122267-9-9 
037 |a Acervo ITESO - Biblioteca 
041 |a ESP 
082 |a 813.  |b BOB 
100 |a Bob-Waksberg, Raphael  |e (autor) 
245 1 0 |a Alguien que te quiera con todas tus heridas /  |c R. Bob-Waksberg ; pról. de Aglaia Berlutti ; tr. por María Campos Galindo. 
264 4 |a Barcelona, España :  |b Círculo de Tiza,  |c 2021, c201 
264 2 |a Cartagena, España :  |b Odilo [distribución],  |c 2022 
300 |a 1 libro electrónico en línea (208 p.) o (1 v. sin paginación) 
300 |a 1 recurso en línea 
336 |a datos para computadora  |b cod  |2 rdacontenido 
337 |a computadora  |b c  |2 rdamedio 
338 |a recurso en línea  |b cr  |2 rdasoporte 
506 1 |a 1 licencia 
521 |a Odilo 2022 DIA 
649 |a XX 
650 |a Cuentos Norteamericanos 
650 |a Literatura Norteamericana -  |y Siglo XXI 
650 |a Dolor en la Literatura 
856 4 0 |u https://iteso-odilotk-es.ezproxy.iteso.mx/info/02717310  |y Ver documento en línea 
910 |a Fondo General 
920 |a Electrónicos - Libros en Línea 
930 |a Plataforma Digital 
940 |a Literatura 
905 |a 205 
901 |a 454602-1  |b IT2  |c EBO  |i C180324  |u 20250521 
902 |a https://opac.biblio.iteso.mx/vufind/Record/000454602